<?xml version="1.0" encoding="UTF-8"?>
<record
    xmlns:xsi="http://www.w3.org/2001/XMLSchema-instance"
    xsi:schemaLocation="http://www.loc.gov/MARC21/slim http://www.loc.gov/standards/marcxml/schema/MARC21slim.xsd"
    xmlns="http://www.loc.gov/MARC21/slim">

  <leader>01231nam a22002775a 4500</leader>
  <controlfield tag="003">OSt</controlfield>
  <controlfield tag="005">20160925125724.0</controlfield>
  <controlfield tag="008">160731s2014    ua     frb    001 0 ara d</controlfield>
  <datafield tag="015" ind1=" " ind2=" ">
    <subfield code="a">2013 / 16148</subfield>
  </datafield>
  <datafield tag="020" ind1=" " ind2=" ">
    <subfield code="a">9789771029069</subfield>
  </datafield>
  <datafield tag="040" ind1=" " ind2=" ">
    <subfield code="a">EG-ScBUE</subfield>
    <subfield code="b">ara</subfield>
    <subfield code="c">EG-ScBUE</subfield>
  </datafield>
  <datafield tag="043" ind1=" " ind2=" ">
    <subfield code="a">f-ua---</subfield>
  </datafield>
  <datafield tag="082" ind1="0" ind2="4">
    <subfield code="a">342.6206</subfield>
    <subfield code="b">&#x637; &#x645; &#x627;</subfield>
    <subfield code="2">22</subfield>
  </datafield>
  <datafield tag="100" ind1="1" ind2=" ">
    <subfield code="9">40566</subfield>
    <subfield code="a">&#x637;&#x645;&#x627;&#x648;&#x64A;&#x60C; &#x633;&#x644;&#x64A;&#x645;&#x627;&#x646; &#x645;&#x62D;&#x645;&#x62F;</subfield>
  </datafield>
  <datafield tag="245" ind1="1" ind2="0">
    <subfield code="a">&#x646;&#x638;&#x631;&#x64A;&#x629; &#x627;&#x644;&#x62A;&#x639;&#x633;&#x641; &#x641;&#x64A; &#x627;&#x633;&#x62A;&#x639;&#x645;&#x627;&#x644; &#x627;&#x644;&#x633;&#x644;&#x637;&#x629; :</subfield>
    <subfield code="b">&#x627;&#x644;&#x627;&#x646;&#x62D;&#x631;&#x627;&#x641; &#x628;&#x627;&#x644;&#x633;&#x644;&#x637;&#x629; : &#x62F;&#x631;&#x627;&#x633;&#x629; &#x645;&#x642;&#x627;&#x631;&#x646;&#x629; /</subfield>
    <subfield code="c">&#x633;&#x644;&#x64A;&#x645;&#x627;&#x646; &#x645;&#x62D;&#x645;&#x62F; &#x627;&#x644;&#x637;&#x645;&#x627;&#x648;&#x64A; &#x61B; &#x62A;&#x646;&#x642;&#x64A;&#x62D; [&#x631;&#x627;&#x62C;&#x639;&#x647; &#x648;&#x646;&#x642;&#x62D;&#x647;] &#x639;&#x628;&#x62F; &#x627;&#x644;&#x646;&#x627;&#x635;&#x631; &#x639;&#x628;&#x62F; &#x627;&#x644;&#x644;&#x647; &#x623;&#x628;&#x648; &#x633;&#x645;&#x647;&#x62F;&#x627;&#x646;&#x629;&#x60C; &#x62D;&#x633;&#x64A;&#x646; &#x625;&#x628;&#x631;&#x627;&#x647;&#x64A;&#x645; &#x62E;&#x644;&#x64A;&#x644;.</subfield>
  </datafield>
  <datafield tag="250" ind1=" " ind2=" ">
    <subfield code="a">[&#x637;. 3.]&#x60C; &#x645;&#x632;&#x64A;&#x62F;&#x629; &#x648;&#x645;&#x646;&#x642;&#x62D;&#x629;.</subfield>
  </datafield>
  <datafield tag="260" ind1=" " ind2=" ">
    <subfield code="a">&#x627;&#x644;&#x642;&#x627;&#x647;&#x631;&#x629; :</subfield>
    <subfield code="b">&#x62F;&#x627;&#x631; &#x627;&#x644;&#x641;&#x643;&#x631; &#x627;&#x644;&#x639;&#x631;&#x628;&#x64A;&#x60C;</subfield>
    <subfield code="c">2014.</subfield>
  </datafield>
  <datafield tag="300" ind1=" " ind2=" ">
    <subfield code="a">792 &#x635;. &#x61B;</subfield>
    <subfield code="c">24 &#x633;&#x645;.</subfield>
  </datafield>
  <datafield tag="504" ind1=" " ind2=" ">
    <subfield code="a">&#x64A;&#x634;&#x62A;&#x645;&#x644; &#x639;&#x644;&#x649; &#x625;&#x631;&#x62C;&#x627;&#x639;&#x627;&#x62A; &#x628;&#x628;&#x644;&#x64A;&#x648;&#x62C;&#x631;&#x627;&#x641;&#x64A;&#x629;.</subfield>
  </datafield>
  <datafield tag="650" ind1=" " ind2="7">
    <subfield code="a">&#x627;&#x644;&#x642;&#x627;&#x646;&#x648;&#x646; &#x627;&#x644;&#x625;&#x62F;&#x627;&#x631;&#x64A;</subfield>
    <subfield code="z">&#x645;&#x635;&#x631;.</subfield>
    <subfield code="2">BUEsh</subfield>
    <subfield code="9">40573</subfield>
  </datafield>
  <datafield tag="651" ind1=" " ind2=" ">
    <subfield code="2">BUEsh</subfield>
  </datafield>
  <datafield tag="653" ind1=" " ind2=" ">
    <subfield code="b">LLAAWW</subfield>
    <subfield code="c">July2016</subfield>
  </datafield>
  <datafield tag="700" ind1="1" ind2=" ">
    <subfield code="a">&#x62E;&#x644;&#x64A;&#x644;&#x60C; &#x62D;&#x633;&#x64A;&#x646; &#x625;&#x628;&#x631;&#x627;&#x647;&#x64A;&#x645;&#x60C;</subfield>
    <subfield code="e">&#x645;&#x631;&#x627;&#x62C;&#x639;.</subfield>
    <subfield code="9">40575</subfield>
  </datafield>
  <datafield tag="700" ind1="1" ind2=" ">
    <subfield code="a">&#x623;&#x628;&#x648; &#x633;&#x645;&#x647;&#x62F;&#x627;&#x646;&#x629;&#x60C; &#x639;&#x628;&#x62F; &#x627;&#x644;&#x646;&#x627;&#x635;&#x631; &#x639;&#x628;&#x62F; &#x627;&#x644;&#x644;&#x647;&#x60C; </subfield>
    <subfield code="e">&#x645;&#x631;&#x627;&#x62C;&#x639;.</subfield>
    <subfield code="9">40574</subfield>
  </datafield>
  <datafield tag="942" ind1=" " ind2=" ">
    <subfield code="2">ddc</subfield>
  </datafield>
  <datafield tag="999" ind1=" " ind2=" ">
    <subfield code="c">22085</subfield>
    <subfield code="d">22057</subfield>
  </datafield>
  <datafield tag="952" ind1=" " ind2=" ">
    <subfield code="0">0</subfield>
    <subfield code="1">0</subfield>
    <subfield code="2">ddc</subfield>
    <subfield code="4">0</subfield>
    <subfield code="7">0</subfield>
    <subfield code="8">dar elfekr</subfield>
    <subfield code="a">MAIN</subfield>
    <subfield code="b">MAIN</subfield>
    <subfield code="c">1ST</subfield>
    <subfield code="d">2016-08-01</subfield>
    <subfield code="e">Purchase</subfield>
    <subfield code="g">280.00</subfield>
    <subfield code="h">15884</subfield>
    <subfield code="o">342.6206 &#x637; &#x645; &#x627;</subfield>
    <subfield code="p">000033071</subfield>
    <subfield code="r">2025-11-26 00:00:00</subfield>
    <subfield code="s">2025-11-23</subfield>
    <subfield code="v">350.00</subfield>
    <subfield code="y">BB</subfield>
  </datafield>
  <datafield tag="952" ind1=" " ind2=" ">
    <subfield code="0">0</subfield>
    <subfield code="1">0</subfield>
    <subfield code="2">ddc</subfield>
    <subfield code="4">0</subfield>
    <subfield code="7">0</subfield>
    <subfield code="8">dar elfekr</subfield>
    <subfield code="a">MAIN</subfield>
    <subfield code="b">MAIN</subfield>
    <subfield code="c">1ST</subfield>
    <subfield code="d">2016-08-01</subfield>
    <subfield code="e">Purchase</subfield>
    <subfield code="g">280.00</subfield>
    <subfield code="h">15884</subfield>
    <subfield code="o">342.6206 &#x637; &#x645; &#x627;</subfield>
    <subfield code="p">000033072</subfield>
    <subfield code="r">2025-07-15 00:00:00</subfield>
    <subfield code="s">2024-11-25</subfield>
    <subfield code="v">350.00</subfield>
    <subfield code="y">BB</subfield>
  </datafield>
</record>
